000 01004nam a2200265 u 4500
001 000004727
003 OSt
005 20210205122233.0
008 090725s1998 dr c r 001 0 spa d
040 _aDO-SdBNP
_bspa
_cBNPHU
082 _a320.97293
_bC889p
100 1 _aCruz Almánzar, Amín C.,
_d1954-
_913752
245 1 0 _aPresidente DR: Leonel Fernandez Reyna :
_bentre el discurso y los hechos /
_cAmín C. Cruz Almánzar.
260 _aSanto Domingo :
_bUniversitaria,
_c1998.
300 _a296 p. :
_bretrs. ;
_c21 cm.
490 1 _aPublicaciones de la Universidad Autónoma de Santo Domingo
_v861
490 1 _aDiscursos
_v17
500 _aIncluye datos biográficos del autor
500 _aIncluye índice
600 1 0 _aFernández, Leonel,
_d1996-2000
_xProclamas y discursos
_y1996-2000
_913753
651 4 _aRepública Dominicana
_xHistoria
_9170
830 0 _aPublicaciones de la Universidad Autónoma de Santo Domingo ;
_n861
_913754
830 0 _aDiscursos ;
_n17
_913755
942 _2ddc
_cLBS1
999 _c4533
_d4533